000 00576cam a22002053a 4500
001 39266
003 PGUSA
005 20140828083855.0
008 120325s2012||||xxu|||||s|||||000 | eng d
040 _aPGUSA
_beng
042 _adc
100 1 _aBradlaugh, Charles,
_d1833-1891
245 1 0 _aTheological Essays
_h[electronic resource] /
_cCharles Bradlaugh
260 _bProject Gutenberg,
_c2012
506 _aPublic domain in the USA.
516 _aElectronic text
830 0 _aProject Gutenberg
_v39266
856 4 0 _uhttp://www.gutenberg.org/ebooks/39266
942 _cEB
999 _c268519
_d268519